[Event "Kingston op"]
[Site "Kingston"]
[Date "2015.02.06"]
[Round "4"]
[White "Yang, Michael"]
[Black "Yang, Jack"]
[Result "1-0"]
[WhiteElo "2126"]
[BlackElo "1746"]
[PlyCount "71"]
[EventDate "2015.02.06"]
[EventType "swiss"]
[EventRounds "5"]
[EventCountry "CAN"]
[SourceTitle "EXT 2019"]
[Source "ChessBase"]
[SourceDate "2018.10.10"]
[SourceVersion "1"]
[SourceVersionDate "2018.10.10"]
[SourceQuality "1"]

1. e4 c5 2. Nf3 d6 3. c3 Nf6 4. Bd3 g6 5. 0-0 Bg7 6. Bc2 0-0 7. d3 Nc6 8. Bf4 b6 9. Re1 Bb7 10. Nbd2 d5 11. exd5 Nxd5 12. Bg3 Rc8 13. Ne4 Nf6 14. Qe2 Nh5 15. Bh4 Nf4 16. Qd2 Bh6 17. Bg5 Bxg5 18. Nexg5 Qc7 19. Re4 Nd5 20. Rh4 h5 21. Ne4 Kg7 22. Rxh5 gxh5 23. Qg5+ Kh7 24. Qxh5+ Kg7 25. Nfg5 Rh8 26. Qxf7+ Kh6 27. Ne6 Qe5 28. Ng3 Rcf8 29. Nf5+ Qxf5 30. Qg7+ Kh5 31. Bd1+ Kh4 32. g3+ Kh3 33. Ng5+ Qxg5 34. Qxg5 Bc8 35. Qxd5 Rh6 36. Qg2# 1-0

[Event "Canadian op U2400"]
[Site "Montreal"]
[Date "2014.07.25"]
[Round "8"]
[White "Doubleday, William G"]
[Black "Yang, Michael"]
[Result "1-0"]
[WhiteElo "2059"]
[BlackElo "2184"]
[PlyCount "87"]
[EventDate "2014.07.19"]
[EventType "swiss"]
[EventRounds "9"]
[EventCountry "CAN"]
[SourceTitle "EXT 2022"]
[Source "ChessBase"]
[SourceDate "2021.10.06"]
[SourceVersion "1"]
[SourceVersionDate "2021.10.06"]
[SourceQuality "1"]

1. d4 Nf6 2. c4 e6 3. Nc3 Bb4 4. e3 0-0 5. Nge2 b6 6. a3 Bxc3+ 7. Nxc3 Bb7 8. d5 exd5 9. cxd5 Re8 10. Be2 d6 11. 0-0 Nbd7 12. Qd4 Qe7 13. b4 Qe5 14. Rd1 a5 15. Bb2 Qxd4 16. Rxd4 axb4 17. axb4 Rxa1+ 18. Bxa1 Ra8 19. Bb2 Ne5 20. f3 Ng6 21. Kf2 Kf8 22. g3 Ke7 23. e4 h5 24. h4 Ne5 25. Rd1 c5 26. b5 g6 27. Ra1 Rxa1 28. Bxa1 Ne8 29. Na4 Nd7 30. Bd3 f6 31. Ke3 Kf7 32. Bf1 f5 33. Bh3 Nc7 34. Bf1 Ne8 35. Kf4 Nef6 36. Bh3 fxe4 37. fxe4 Bc8 38. Be6+ Ke7 39. Nb2 Nh7 40. Nc4 Nhf8 41. Bg8 Nf6 42. Bxf6+ Kxf6 43. Nxb6 Kg7 44. Nxc8 1-0

[Event "Toronto NAYCC U12"]
[Site "Toronto"]
[Date "2013.08.16"]
[Round "4"]
[White "Deng, Yi"]
[Black "Yang, Michael"]
[Result "1-0"]
[WhiteElo "1244"]
[BlackElo "387"]
[PlyCount "72"]
[EventDate "2013.08.14"]
[EventType "swiss"]
[EventRounds "9"]
[EventCountry "CAN"]
[SourceTitle "EXT 2022"]
[Source "ChessBase"]
[SourceDate "2021.10.06"]
[SourceVersion "1"]
[SourceVersionDate "2021.10.06"]
[SourceQuality "1"]

1. c4 g6 2. Nc3 Nf6 3. Nf3 Bg7 4. d4 d6 5. Bf4 Nc6 6. e3 0-0 7. Bd3 e6 8. Bg5 e5 9. d5 Ne7 10. e4 Bg4 11. h3 Bxf3 12. Qxf3 Qe8 13. Bxf6 c5 14. Nb5 Rc8 15. Nxa7 Ra8 16. Nb5 Rc8 17. Nxd6 Qd7 18. Nxc8 Qxc8 19. Bxe7 h6 20. Bxf8 Qxf8 21. 0-0 h5 22. Qg3 Bf6 23. Rfe1 h4 24. Qf3 Bd8 25. Be2 b6 26. Qc3 Bg5 27. Qxe5 f6 28. Qe6+ Qf7 29. Qxf7+ Kxf7 30. Rad1 Bf4 31. d6 Bxd6 32. Rxd6 Kg7 33. Rxb6 Kh6 34. a4 f5 35. exf5 Kg5 36. Rxg6+ Kf4 1-0

[Event "Toronto NAYCC U12"]
[Site "Toronto"]
[Date "2013.08.15"]
[Round "2"]
[White "Seela, Anirudh"]
[Black "Yang, Michael"]
[Result "1-0"]
[WhiteElo "1812"]
[BlackElo "387"]
[PlyCount "43"]
[EventDate "2013.08.14"]
[EventType "swiss"]
[EventRounds "9"]
[EventCountry "CAN"]
[SourceTitle "EXT 2022"]
[Source "ChessBase"]
[SourceDate "2021.10.06"]
[SourceVersion "1"]
[SourceVersionDate "2021.10.06"]
[SourceQuality "1"]

1. c4 g6 2. Nc3 Nf6 3. e4 Bg7 4. e5 Ng4 5. Qxg4 d5 6. Qd1 dxc4 7. Bxc4 Bh6 8. d4 Nc6 9. Bxh6 Nxd4 10. Nge2 Bg4 11. Qxd4 Bxe2 12. Qxd8+ Rxd8 13. Kxe2 Rd4 14. Bb3 f6 15. Bg7 Rg8 16. Bxg8 fxe5 17. Bxe5 Rd8 18. Be6 b6 19. Rad1 Rxd1 20. Rxd1 h5 21. Nb5 Kf8 22. Rd8# 1-0

[Event "US Open-110"]
[Site "Indianapolis"]
[Date "2009.08.03"]
[Round "3"]
[White "Yang, Michael"]
[Black "Breckenridge, Steven James"]
[Result "1-0"]
[WhiteElo "2052"]
[BlackElo "2176"]
[PlyCount "100"]
[EventDate "2009.08.01"]
[EventType "swiss"]
[EventRounds "9"]
[EventCountry "USA"]
[SourceTitle "CBM 131 Extra"]
[Source "ChessBase"]
[SourceDate "2009.09.03"]
[SourceVersion "2"]
[SourceVersionDate "2009.09.16"]
[SourceQuality "1"]

1. Nf3 Nf6 2. g3 g6 3. Bg2 Bg7 4. 0-0 0-0 5. d3 d6 6. e4 Nbd7 7. Nbd2 c6 8. c3 Rb8 9. a4 Qc7 10. Nc4 e5 11. Be3 b6 12. Re1 Ng4 13. Bg5 f6 14. Bd2 Nc5 15. Qc2 Be6 16. h3 Nh6 17. b4 Nxe4 18. Rxe4 d5 19. Rh4 Nf5 20. Na3 Nxh4 21. Nxh4 Qd7 22. Kh2 g5 23. Nf3 Bf5 24. Be3 Rfc8 25. Qd1 Qf7 26. d4 e4 27. Nd2 Bf8 28. Nc2 h5 29. Rb1 Bd6 30. Kh1 h4 31. g4 Bd7 32. c4 Qe7 33. b5 a6 34. bxa6 Ra8 35. Rxb6 Bc7 36. Rb7 Rxa6 37. cxd5 Qd6 38. Rxc7 Qxc7 39. Nb4 Rb6 40. dxc6 Rxb4 41. cxd7 Qxd7 42. Nxe4 Kg7 43. d5 Rcc4 44. Nc5 Qd6 45. Ne6+ Kh6 46. Nd4 Qb8 47. Be4 Rxd4 48. Bxd4 Qf4 49. f3 Rc4 50. Bg1 Qg3 1-0

[Event "Wch U16 Girls"]
[Site "Vung Tau"]
[Date "2008.10.24"]
[Round "6"]
[White "Thilakawardana, Supeshala"]
[Black "Yang, Michael"]
[Result "1-0"]
[WhiteElo "1815"]
[BlackElo "2052"]
[PlyCount "75"]
[EventDate "2008.10.20"]
[EventType "swiss"]
[EventRounds "11"]
[EventCountry "VIE"]
[SourceTitle "EXT 2009"]
[Source "ChessBase"]
[SourceDate "2008.11.26"]
[SourceVersion "1"]
[SourceVersionDate "2008.11.26"]
[SourceQuality "1"]

1. d4 Nf6 2. c4 g6 3. Nc3 Bg7 4. e4 d6 5. f3 0-0 6. Be3 Nbd7 7. Bd3 e5 8. d5 Nh5 9. g4 Nf4 10. Bxf4 exf4 11. h4 h6 12. Qd2 Nc5 13. Bc2 Be5 14. Nge2 Qf6 15. Kf2 a5 16. Rag1 g5 17. hxg5 hxg5 18. Rh5 Bd7 19. Rgh1 Rfe8 20. Kf1 Kf8 21. Rh7 Qg6 22. Ng1 Ke7 23. R1h6 Qg8 24. Qh2 Bg7 25. Rh5 f6 26. Rxg7+ Qxg7 27. Rh7 Kf8 28. Rxg7 Kxg7 29. e5 Rh8 30. exf6+ Kxf6 31. Qd2 Rae8 32. Qd4+ Kf7 33. Ne4 Reg8 34. Qf6+ Ke8 35. Nxg5 b6 36. Bg6+ Rxg6 37. Qxg6+ Kd8 38. Qf6+ 1-0